000 00300nam a2200145Ia 4500
100 _aTager/A
650 _aChemistry
942 _cBK
654 _apolymers
245 _aPhysical Chmistry of Polymers
260 _bMir Publishers
_c2001
082 _a547.8
300 _a558
546 _aENGLISH
999 _c28191
_d28191